| 000 | 00395nam a22001697a 4500 | ||
|---|---|---|---|
| 003 | OSt | ||
| 005 | 20250228095059.0 | ||
| 007 | 933 pages | ||
| 008 | 250228b |||||||| |||| 00| 0 eng d | ||
| 020 | _a9789355735195 | ||
| 040 | _c | ||
| 082 |
_210 _a540 _bSOO |
||
| 245 |
_aFundamentals of Analytical Chemistry _cSoog,D.A |
||
| 250 | _a10 | ||
| 260 |
_bCengage _c2024 |
||
| 942 |
_2ddc _cBK _e10 _n0 |
||
| 999 |
_c36154 _d36154 |
||